[Event "2023 Welsh Open"]
[Site "Cardiff"]
[Date "2023.04.07"]
[Round "1.19"]
[White "Morgans, Justin"]
[Black "Davies, Rhys"]
[Result "1-0"]
[WhiteElo "1637"]
[BlackElo "1216"]
[PlyCount "55"]
[EventDate "2023.04.07"]
[SourceVersionDate "2023.04.11"]

1. e4 d5 2. exd5 Qxd5 3. Nf3 Nf6 4. d4 Bf5 5. Nc3 Qa5 6. Bd2 c6 7. Be2 e6 8. a3 Nbd7 9. O-O O-O-O 10. b4 Qc7 11. Na4 Nb6 12. c4 Bg4 13. Nxb6+ axb6 14. Be3 Ne4 15. Qc2 f5 16. Rfd1 Be7 17. h3 Bh5 18. Rac1 Rhf8 19. d5 Bg6 20. Qa4 f4 21. Bd4 Rd6 22. Be5 Be8 23. c5 cxd5 24. Qa8+ Kd7 25. cxd6 Qxc1 26. Rxc1 Bxd6 27. Qxb7+ Kd8 28. Rc8# 1-0

[Event "2023 Welsh Open"]
[Site "Cardiff"]
[Date "2023.04.07"]
[Round "1.21"]
[White "Larg, Richard"]
[Black "Ramzan, Timur"]
[Result "1-0"]
[WhiteElo "1590"]
[BlackElo "1200"]
[PlyCount "115"]
[EventDate "2023.04.07"]
[SourceVersionDate "2023.04.12"]

1. d4 d5 2. c4 c6 3. Nf3 Bf5 4. Nc3 Nf6 5. h3 e6 6. Bg5 Be7 7. e3 Nbd7 8. Be2 Qb6 9. Qb3 Qxb3 10. axb3 h6 11. Bxf6 Nxf6 12. O-O Bb4 13. cxd5 exd5 14. Ra4 a5 15. Nd2 O-O 16. f3 Rfe8 17. Kf2 c5 18. Re1 cxd4 19. exd4 Re7 20. Bd1 Rxe1 21. Kxe1 Re8+ 22. Kf2 h5 23. Nf1 g5 24. Ne3 Bd3 25. Nexd5 Nxd5 26. Nxd5 Re1 27. Nxb4 Rxd1 28. Nxd3 Rxd3 29. Rxa5 f6 30. Rb5 Rxd4 31. Rxb7 Rd2+ 32. Kg3 Rxb2 33. b4 Kf8 34. b5 Ke8 35. b6 Kd8 36. Rb8+ Kd7 37. b7 Kc7 38. Rf8 Kxb7 39. Rxf6 Rb4 40. Rf5 h4+ 41. Kh2 Kc6 42. Rxg5 Kd6 43. Rg4 Rxg4 44. hxg4 Ke6 45. Kh3 Kf6 46. Kxh4 Kg6 47. Kg3 Kh6 48. Kf4 Kg6 49. Ke5 Kg5 50. g3 Kg6 51. f4 Kg7 52. Ke6 Kg6 53. Ke7 Kg7 54. f5 Kg8 55. f6 Kh7 56. f7 Kg6 57. f8=Q Kg5 58. Qg7# 1-0

[Event "2023 Welsh Open"]
[Site "Cardiff"]
[Date "2023.04.07"]
[Round "1.22"]
[White "Head, Elliot"]
[Black "Hurn, Robert"]
[Result "0-1"]
[WhiteElo "1168"]
[BlackElo "1587"]
[PlyCount "106"]
[EventDate "2023.04.07"]
[SourceVersionDate "2023.04.12"]

1. Nf3 Nf6 2. g3 g6 3. Bg2 Bg7 4. O-O O-O 5. d3 d6 6. Nbd2 c5 7. e4 Nc6 8. c3 Bg4 9. Qb3 Rb8 10. h3 Be6 11. Qc2 b5 12. a3 Qb6 13. Re1 Nh5 14. e5 dxe5 15. Ng5 Bd7 16. Nde4 h6 17. Nf3 f5 18. Ned2 e6 19. Nf1 Rbd8 20. Be3 f4 21. gxf4 exf4 22. Bd2 e5 23. Nh4 Ne7 24. Be4 Qf6 25. Ng2 f3 26. Nge3 Bxh3 27. Nh2 Nf4 28. Bxf3 h5 29. Kh1 Nxd3 30. Re2 e4 31. Bxe4 Nxf2+ 32. Kg1 Be6 33. Rf1 Nh3+ 34. Kh1 Nf5 35. Nxf5 gxf5 36. Bg2 Ng5 37. Ref2 Qg6 38. Bxg5 Qxg5 39. Bh3 Bd5+ 40. Bg2 Be6 41. Bh3 Rd5 42. Bg2 Rdd8 43. Bh3 Bd5+ 44. Bg2 f4 45. Bxd5+ Qxd5+ 46. Kg1 Qg5+ 47. Kh1 h4 48. Qc1 h3 49. Rg1 Qd5+ 50. Rf3 Kh8 51. Rgf1 Kg8 52. Kg1 Qg5+ 53. Kh1 Qg2# 0-1

[Event "2023 Welsh Open"]
[Site "Cardiff"]
[Date "2023.04.07"]
[Round "1.23"]
[White "Jakubiak, Krzysztof"]
[Black "Enoch, Kristan"]
[Result "1-0"]
[WhiteElo "1586"]
[BlackElo "1111"]
[PlyCount "53"]
[EventDate "2023.04.07"]
[SourceVersionDate "2023.04.12"]

1. d4 c5 2. d5 e6 3. c4 d6 4. e4 exd5 5. exd5 Nf6 6. Nc3 g6 7. Be2 Bg7 8. Bf4 O-O 9. h4 Ne8 10. Qd2 Nd7 11. h5 Qf6 12. g4 Qd4 13. Nf3 Qxd2+ 14. Kxd2 Ndf6 15. h6 Bh8 16. g5 Nd7 17. Ne4 Bxb2 18. Rab1 Be5 19. Nxe5 Nxe5 20. Nxc5 Nxc4+ 21. Bxc4 dxc5 22. Rhe1 b6 23. Re7 f6 24. d6+ Kh8 25. Rbe1 Bg4 26. gxf6 Nxf6 27. Be5 1-0

[Event "2023 Welsh Open"]
[Site "Cardiff"]
[Date "2023.04.07"]
[Round "1.24"]
[White "Ilett, Tomos"]
[Black "Jones, Jeremy"]
[Result "0-1"]
[WhiteElo "950"]
[BlackElo "1580"]
[PlyCount "43"]
[EventDate "2023.04.07"]
[SourceVersionDate "2023.04.12"]

1. e4 c5 2. d4 cxd4 3. c3 d5 4. exd5 Qxd5 5. Nf3 e5 6. cxd4 exd4 7. Nc3 Qe6+ 8. Ne2 Nc6 9. a3 Nf6 10. Nfxd4 Nxd4 11. Qxd4 Bd6 12. g3 O-O 13. Bg2 Re8 14. Bf3 Bd7 15. O-O Be5 16. Qd3 Rad8 17. Re1 Bc6 18. Qe3 Nd5 19. Bxd5 Qxd5 20. f3 Bd4 21. Nc3 Bxe3+ 22. Rxe3 0-1

[Event "2023 Welsh Open"]
[Site "Cardiff"]
[Date "2023.04.07"]
[Round "1.29"]
[White "Harris, Calum"]
[Black "Mba, Reginald"]
[Result "1-0"]
[WhiteElo "1828"]
[BlackElo "1811"]
[PlyCount "75"]
[EventDate "2023.04.07"]
[SourceVersionDate "2023.04.13"]

1. e4 c6 2. d4 d5 3. Nd2 dxe4 4. Nxe4 Nf6 5. Ng3 h5 6. h4 c5 7. Bb5+ Bd7 8. Bxd7+ Qxd7 9. Nf3 Nc6 10. Be3 Ng4 11. d5 Nxe3 12. fxe3 Nb4 13. e4 g6 14. c3 Na6 15. O-O Bg7 16. Ng5 Bf6 17. Nxf7 Kxf7 18. e5 Kg7 19. exf6+ exf6 20. Qf3 f5 21. Ne2 Nc7 22. Nf4 Rae8 23. Rfe1 Kh6 24. c4 b6 25. Nh3 Rxe1+ 26. Rxe1 Re8 27. Rxe8 Nxe8 28. Qc3 Kh7 29. Ng5+ Kg8 30. Qe5 Ng7 31. Kf2 Qa4 32. Qc7 Qe8 33. d6 f4 34. Kf1 f3 35. gxf3 Qf8 36. Kf2 Qf4 37. Qc8+ Qf8 38. d7 1-0

[Event "2023 Welsh Open"]
[Site "Cardiff"]
[Date "2023.04.07"]
[Round "1.30"]
[White "Bickford, Ben"]
[Black "Blackmore, Simon"]
[Result "1-0"]
[WhiteElo "1482"]
[BlackElo "1599"]
[PlyCount "47"]
[EventDate "2023.04.07"]
[SourceVersionDate "2023.04.13"]

1. d4 d5 2. e3 Nf6 3. f4 Nc6 4. Nf3 Bg4 5. c3 e6 6. Bd3 Ne7 7. O-O Ne4 8. Nbd2 f5 9. Qe1 Ng6 10. Ne5 Nxe5 11. fxe5 Be7 12. Nxe4 fxe4 13. Be2 Bf5 14. Qd1 Bh4 15. Qb3 b6 16. Qa4+ Kf8 17. g3 Qg5 18. Qc6 Rd8 19. Qxe6 g6 20. b3 Bxg3 21. Ba3+ Kg7 22. Qf6+ Kh6 23. Qxg5+ Kxg5 24. Be7+ 1-0

[Event "2023 Welsh Open"]
[Site "Cardiff"]
[Date "2023.04.07"]
[Round "2.1"]
[White "Vlkova, Anezka"]
[Black "Morgans, Justin"]
[Result "1/2-1/2"]
[WhiteElo "1956"]
[BlackElo "1636"]
[Annotator "Paul,Hatchett"]
[PlyCount "125"]
[EventDate "2023.04.07"]
[EventRounds "7"]
[EventCountry "WLS"]

1. e4 {[%emt 0:00:02]} d6 {[%emt 0:00:18]} 2. Nf3 {[%emt 0:00:21]} Nf6 {[%emt 0:00:08]} 3. Nc3 {[%emt 0:00:07]} g6 {[%emt 0:00:07]} 4. Bc4 {[%emt 0:00:12]} Bg7 {[%emt 0:00:09]} 5. O-O {[%emt 0:00:15]} O-O {[%emt 0:00:07]} 6. Re1 {[%emt 0:00:33]} Nc6 {[%emt 0:00:43]} 7. h3 {[%emt 0:04:16]} e5 {[%emt 0:03:41]} 8. a4 {[%emt 0:01:53]} Ne7 {[%emt 0:05:08]} 9. d4 {[%emt 0:00:38]} exd4 {[%emt 0:00:28]} 10. Nxd4 {[%emt 0:00:11]} c6 {[%emt 0:01:20]} 11. Bf4 {[%emt 0:01:27]} d5 {[%emt 0:03:48]} 12. exd5 {[%emt 0:03:25]} Nexd5 {[%emt 0:00:14]} 13. Nxd5 {[%emt 0:04:00]} Nxd5 {[%emt 0:00:25]} 14. Be5 {[%emt 0:00:23]} Re8 {[%emt 0:07:24]} 15. Bxg7 {[%emt 0:01:51]} Kxg7 {[%emt 0:01:55]} 16. Qd2 {[%emt 0:01:08]} Rxe1+ {[%emt 0:03:39]} 17. Rxe1 {[%emt 0:00:11]} Bd7 {[%emt 0:00:21]} 18. Nb3 {[%emt 0:11:38]} Nb6 {[%emt 0:10:22]} 19. Qd4+ {[%emt 0:05:51]} Qf6 {[%emt 0:00:55]} 20. Re7 {[%emt 0:03:01]} Qxd4 {[%emt 0:03:52]} 21. Nxd4 {[%emt 0:05:42]} Nxc4 {[%emt 0:01:58]} 22. Rxd7 {[%emt 0:00:27]} Nxb2 {[%emt 0:01:33]} 23. Rxb7 {[%emt 0:00:44]} Nxa4 {[%emt 0:01:50]} 24. Nxc6 {[%emt 0:00:19]} Rc8 {[%emt 0:06:39]} 25. Ne5 {[%emt 0:02:44]} Rxc2 {[%emt 0:01:43]} 26. Rxf7+ {[%emt 0:00:14]} Kg8 {[%emt 0:00:24]} 27. Rxa7 {[%emt 0:00:08]} Nc3 {[%emt 0:00:35]} 28. Ng4 {[%emt 0:00:22]} h5 {[%emt 0:02:11]} 29. Nf6+ {[%emt 0:17:56]} Kf8 {[%emt 0:00:11]} 30. h4 {[%emt 0:03:49]} Nd1 {[%emt 0:01:27]} 31. Ne4 {[%emt 0:02:19]} Rc4 {[%emt 0:03:30]} 32. f3 {[%emt 0:03:50]} Ne3 {[%emt 0:01:33]} 33. Ra3 {[%emt 0:03:10]} Nf5 {[%emt 0:01:05]} 34. g3 {[%emt 0:00:12]} Rc2 {[%emt 0:00:34]} 35. Ra1 {[%emt 0:00:58]} Rb2 {[%emt 0:02:50]} 36. Rf1 {[%emt 0:00:49]} Kg7 {[%emt 0:01:35]} 37. Rf2 {[%emt 0:00:32]} Rb1+ {[%emt 0:00:29]} 38. Kh2 {[%emt 0:00:33]} Rb3 {[%emt 0:00:54]} 39. Kh3 {[%emt 0:01:01]} Nd4 {[%emt 0:00:24]} 40. Ng5 {[%emt 0:01:03]} Nf5 {[%emt 0:06:26]} 41. Rd2 {[%emt 0:04:48]} Re3 {[%emt 0:03:06]} 42. g4 {[%emt 0:00:56]} hxg4+ {[%emt 0:00:17]} 43. Kxg4 {[%emt 0:00:13]} Re7 {[%emt 0:02:07]} 44. Ne4 {[%emt 0:01:29]} Kh6 {[%emt 0:02:05]} 45. Nf6 {[%emt 0:01:44]} Ra7 {[%emt 0:02:19]} 46. Rd8 {[%emt 0:03:11]} Ra4+ {[%emt 0:00:39]} 47. Ne4 {[%emt 0:03:46]} Ne3+ {[%emt 0:02:04]} 48. Kf4 {[%emt 0:01:33]} Nf5 {[%emt 0:00:22]} 49. Re8 {[%emt 0:09:44]} Nd6 {[%emt 0:07:45]} 50. Re6 {[%emt 0:01:29]} Nf7 {[%emt 0:03:01]} 51. Kg4 {[%emt 0:00:39]} Kg7 {[%emt 0:00:33]} 52. f4 {[%emt 0:03:12]} Ra5 {[%emt 0:00:29]} 53. Re7 {[%emt 0:00:55]} Kf8 {[%emt 0:00:16]} 54. Rc7 {[%emt 0:00:34]} Nh6+ {[%emt 0:00:45]} 55. Kf3 {[%emt 0:01:17]} Ra3+ {[%emt 0:00:35]} 56. Nc3 {[%emt 0:00:09]} Nf5 {[%emt 0:00:33]} 57. Kg4 {[%emt 0:00:58]} Ne7 {[%emt 0:00:40]} 58. h5 {[%emt 0:00:30]} gxh5+ {[%emt 0:00:27]} 59. Kxh5 {[%emt 0:00:11]} Ra5+ {[%emt 0:00:36]} 60. Kg4 {[%emt 0:00:28]} Nd5 {[%emt 0:01:40]} 61. Rc8+ {[%emt 0:02:20]} Kf7 {[%emt 0:00:25]} 62. Ne4 {[%emt 0:00:19]} Ne3+ {[%emt 0:01:04]} 63. Kf3 {[%emt 0:01:07]} 1/2-1/2

[Event "2023 Welsh Open"]
[Site "Cardiff"]
[Date "2023.04.07"]
[Round "2.3"]
[White "Sadiq, Ayodele"]
[Black "Larg, Richard"]
[Result "1-0"]
[WhiteElo "1903"]
[BlackElo "1590"]
[Annotator "Paul,Hatchett"]
[PlyCount "81"]
[EventDate "2023.04.07"]
[EventRounds "7"]
[EventCountry "WLS"]

1. d4 {[%emt 0:00:02]} d5 {[%emt 0:00:21]} 2. Bf4 {[%emt 0:00:10]} e6 {[%emt 0:00:47]} 3. e3 {[%emt 0:00:32]} Nf6 {[%emt 0:00:56]} 4. Nd2 {[%emt 0:00:22]} Be7 {[%emt 0:01:27]} 5. Ngf3 {[%emt 0:00:34]} h6 {[%emt 0:03:51]} 6. Bd3 {[%emt 0:00:41]} b6 {[%emt 0:02:19]} 7. Qe2 {[%emt 0:00:47]} Nc6 {[%emt 0:05:22]} 8. c3 {[%emt 0:02:24]} Bb7 {[%emt 0:03:37]} 9. e4 {[%emt 0:05:22]} g5 {[%emt 0:07:00]} 10. Bg3 {[%emt 0:09:53]} Nxe4 {[%emt 0:11:34]} 11. Nxe4 {[%emt 0:01:30]} dxe4 {[%emt 0:00:21]} 12. Bxe4 {[%emt 0:00:25]} Bd6 {[%emt 0:10:08]} 13. O-O-O {[%emt 0:06:38]} Bxg3 {[%emt 0:05:51]} 14. hxg3 {[%emt 0:00:44]} Qe7 {[%emt 0:01:25]} 15. Ne5 {[%emt 0:01:17]} Qd6 {[%emt 0:01:08]} 16. Qb5 {[%emt 0:01:16]} a6 {[%emt 0:02:03]} 17. Bxc6+ {[%emt 0:00:31]} Bxc6 {[%emt 0:00:53]} 18. Qxc6+ {[%emt 0:00:52]} Qxc6 {[%emt 0:00:03]} 19. Nxc6 {[%emt 0:00:03]} f6 {[%emt 0:03:05]} 20. d5 {[%emt 0:01:50]} Kd7 {[%emt 0:00:39]} 21. Nb4 {[%emt 0:00:14]} a5 {[%emt 0:01:10]} 22. dxe6+ {[%emt 0:00:15]} Kxe6 {[%emt 0:00:24]} 23. Rhe1+ {[%emt 0:00:15]} Kf5 {[%emt 0:00:46]} 24. Rd5+ {[%emt 0:00:29]} Kg6 {[%emt 0:00:14]} 25. Nc6 {[%emt 0:00:06]} Rhe8 {[%emt 0:00:41]} 26. Ne7+ {[%emt 0:01:23]} Kf7 {[%emt 0:00:40]} 27. Rd7 {[%emt 0:00:31]} Kf8 {[%emt 0:01:54]} 28. Ng6+ {[%emt 0:00:58]} Kg8 {[%emt 0:01:39]} 29. Ree7 {[%emt 0:03:06]} Rxe7 {[%emt 0:00:35]} 30. Nxe7+ {[%emt 0:00:29]} Kf7 {[%emt 0:01:31]} 31. Rxc7 {[%emt 0:00:24]} Ke6 {[%emt 0:00:18]} 32. Nc8 {[%emt 0:00:57]} h5 {[%emt 0:04:25]} 33. Nxb6 {[%emt 0:00:12]} Rh8 {[%emt 0:00:23]} 34. Rc6+ {[%emt 0:00:46]} Kf7 {[%emt 0:00:51]} 35. Nd5 {[%emt 0:00:48]} Rh6 {[%emt 0:00:17]} 36. b4 {[%emt 0:01:31]} axb4 {[%emt 0:00:36]} 37. cxb4 {[%emt 0:00:03]} h4 {[%emt 0:00:13]} 38. Rxf6+ {[%emt 0:00:38]} Rxf6 {[%emt 0:00:52]} 39. Nxf6 {[%emt 0:00:03]} Kxf6 {[%emt 0:00:01]} 40. gxh4 {[%emt 0:00:17]} gxh4 {[%emt 0:00:16]} 41. b5 {[%emt 0:00:12]} 1-0

[Event "2023 Welsh Open"]
[Site "Cardiff"]
[Date "2023.04.07"]
[Round "2.4"]
[White "Hurn, Robert"]
[Black "Havard, Gwyn"]
[Result "1/2-1/2"]
[WhiteElo "1587"]
[BlackElo "1889"]
[Annotator "Paul,Hatchett"]
[PlyCount "52"]
[EventDate "2023.04.07"]
[EventRounds "7"]
[EventCountry "WLS"]

1. d4 {[%emt 0:00:04]} Nf6 {[%emt 0:00:08]} 2. c4 {[%emt 0:00:04]} e6 {[%emt 0:00:06]} 3. Nc3 {[%emt 0:00:04]} Bb4 {[%emt 0:00:22]} 4. e3 {[%emt 0:00:06]} b6 {[%emt 0:00:37]} 5. Nge2 {[%emt 0:00:08]} Bb7 {[%emt 0:00:27]} 6. a3 {[%emt 0:00:48]} Bxc3+ {[%emt 0:00:11]} 7. Nxc3 {[%emt 0:00:27]} d5 {[%emt 0:00:11]} 8. cxd5 {[%emt 0:00:51]} Nxd5 {[%emt 0:01:05]} 9. f3 {[%emt 0:05:35]} Nd7 {[%emt 0:02:40]} 10. e4 {[%emt 0:01:40]} Nxc3 {[%emt 0:01:56]} 11. bxc3 {[%emt 0:00:14]} Qe7 {[%emt 0:02:33]} 12. Be3 {[%emt 0:01:26]} Rd8 {[%emt 0:01:19]} 13. Bd3 {[%emt 0:03:00]} c5 {[%emt 0:04:00]} 14. O-O {[%emt 0:00:26]} Ne5 {[%emt 0:03:51]} 15. Bb5+ {[%emt 0:01:12]} Bc6 {[%emt 0:11:41]} 16. Qe2 {[%emt 0:02:52]} Bxb5 {[%emt 0:01:04]} 17. Qxb5+ {[%emt 0:00:19]} Qd7 {[%emt 0:01:00]} 18. a4 {[%emt 0:05:37]} Qxb5 {[%emt 0:03:12]} 19. axb5 {[%emt 0:00:11]} Nc4 {[%emt 0:00:23]} 20. Bf2 {[%emt 0:01:16]} cxd4 {[%emt 0:01:52]} 21. cxd4 {[%emt 0:01:00]} Rd7 {[%emt 0:03:50]} 22. Rfc1 {[%emt 0:05:37]} Nd6 {[%emt 0:00:33]} 23. Rab1 {[%emt 0:03:44]} Ke7 {[%emt 0:00:35]} 24. e5 {[%emt 0:03:59]} Nf5 {[%emt 0:01:03]} 25. Rb4 {[%emt 0:03:00]} Rhd8 {[%emt 0:00:38]} 26. Rd1 {[%emt 0:01:03]} Ke8 {[%emt 0:02:58]} 1/2-1/2

[Event "2023 Welsh Open"]
[Site "Cardiff"]
[Date "2023.04.07"]
[Round "2.7"]
[White "Williams, Stephen"]
[Black "Guy, David"]
[Result "0-1"]
[WhiteElo "1569"]
[BlackElo "1827"]
[Annotator "Paul,Hatchett"]
[PlyCount "82"]
[EventDate "2023.04.07"]
[EventRounds "7"]
[EventCountry "WLS"]

1. d4 {[%emt 0:00:03]} Nf6 {[%emt 0:00:13]} 2. c4 {[%emt 0:00:09]} g6 {[%emt 0:00:16]} 3. f3 {[%emt 0:00:13]} d5 {[%emt 0:00:53]} 4. cxd5 {[%emt 0:00:17]} Nxd5 {[%emt 0:00:08]} 5. e4 {[%emt 0:00:09]} Nf6 {[%emt 0:00:29]} 6. Nc3 {[%emt 0:01:31]} Bg7 {[%emt 0:00:14]} 7. Be3 {[%emt 0:01:12]} O-O {[%emt 0:01:13]} 8. Qd2 {[%emt 0:02:40]} b6 {[%emt 0:00:59]} 9. g4 {[%emt 0:02:06]} Bb7 {[%emt 0:01:12]} 10. h4 {[%emt 0:01:52]} Nc6 {[%emt 0:08:20]} 11. Nge2 {[%emt 0:03:57]} e5 {[%emt 0:01:55]} 12. d5 {[%emt 0:01:47]} Ne7 {[%emt 0:01:08]} 13. Ng3 {[%emt 0:03:06]} c5 {[%emt 0:00:46]} 14. Bh6 {[%emt 0:01:56]} Nc8 {[%emt 0:08:27]} 15. h5 Nd6 {[%emt 0:03:42]} 16. Bxg7 Kxg7 {[%emt 0:04:05]} 17. hxg6 fxg6 {[%emt 0:01:30]} 18. Qh6+ Kg8 {[%emt 0:02:18]} 19. g5 Nf7 {[%emt 0:11:10]} 20. Qh4 Nh5 21. Nxh5 gxh5 22. O-O-O Nxg5 {[%emt 0:19:17]} 23. Qxh5 Rf7 {[%emt 0:03:09]} 24. d6 Rg7 {[%emt 0:04:42]} 25. Bc4+ Kh8 {[%emt 0:01:56]} 26. Rhg1 Qf6 {[%emt 0:03:52]} 27. Nd5 Bxd5 {[%emt 0:04:21]} 28. Bxd5 Rf8 {[%emt 0:04:39]} 29. Kc2 Nxf3 30. Rxg7 {[%emt 0:01:45]} Kxg7 {[%emt 0:00:23]} 31. Qg4+ {[%emt 0:05:34]} Kh8 {[%emt 0:01:31]} 32. Qd7 {[%emt 0:01:33]} Rd8 {[%emt 0:06:08]} 33. Qxa7 {[%emt 0:02:31]} Qxd6 {[%emt 0:02:03]} 34. Rh1 {[%emt 0:07:53]} Qg6 {[%emt 0:02:18]} 35. Kc3 {[%emt 0:03:18]} Nd4 {[%emt 0:00:58]} 36. Qe7 {[%emt 0:04:17]} Nb5+ {[%emt 0:05:38]} 37. Kb3 {[%emt 0:02:45]} Nd4+ {[%emt 0:01:04]} 38. Ka4 {[%emt 0:04:21]} Nc6 {[%emt 0:05:27]} 39. Qb7 {[%emt 0:07:29]} Nd4 {[%emt 0:01:41]} 40. Qc7 {[%emt 0:01:24]} Qe8+ {[%emt 0:01:08]} 41. Bc6 {[%emt 0:10:09]} Ra8+ {[%emt 0:00:38]} 0-1

[Event "2023 Welsh Open"]
[Site "Cardiff"]
[Date "2023.04.07"]
[Round "2.8"]
[White "Probert, Malcolm"]
[Black "Stuart, Neil"]
[Result "1/2-1/2"]
[WhiteElo "1564"]
[BlackElo "1746"]
[Annotator "Paul,Hatchett"]
[PlyCount "41"]
[EventDate "2023.04.07"]
[EventRounds "7"]
[EventCountry "WLS"]

1. Nf3 {[%emt 0:00:19]} Nf6 {[%emt 0:01:46]} 2. g3 {[%emt 0:00:10]} d5 {[%emt 0:00:43]} 3. d4 {[%emt 0:00:08]} Bf5 {[%emt 0:02:11]} 4. c4 {[%emt 0:00:44]} e6 {[%emt 0:02:15]} 5. Qb3 {[%emt 0:03:51]} b6 {[%emt 0:11:09]} 6. Nc3 {[%emt 0:03:31]} c6 {[%emt 0:09:14]} 7. Nh4 {[%emt 0:01:28]} Bg4 {[%emt 0:10:59]} 8. Bg2 {[%emt 0:02:51]} Be7 {[%emt 0:00:44]} 9. h3 {[%emt 0:02:42]} Bh5 {[%emt 0:03:17]} 10. O-O {[%emt 0:00:33]} O-O {[%emt 0:01:26]} 11. Nf3 {[%emt 0:12:03]} Nbd7 {[%emt 0:06:45]} 12. cxd5 {[%emt 0:04:25]} cxd5 {[%emt 0:16:03]} 13. Bf4 {[%emt 0:03:26]} Ne8 {[%emt 0:05:10]} 14. e4 {[%emt 0:03:53]} dxe4 {[%emt 0:02:17]} 15. Nxe4 {[%emt 0:00:35]} Ndf6 {[%emt 0:02:13]} 16. Nxf6+ {[%emt 0:04:17]} Nxf6 {[%emt 0:03:47]} 17. g4 {[%emt 0:09:35]} Nd5 {[%emt 0:02:09]} 18. Bg3 {[%emt 0:00:47]} Bg6 {[%emt 0:00:19]} 19. Ne5 {[%emt 0:00:38]} Rc8 {[%emt 0:02:21]} 20. Nxg6 {[%emt 0:00:55]} hxg6 {[%emt 0:00:25]} 21. Bxd5 {[%emt 0:00:21]} 1/2-1/2

[Event "2023 Welsh Open"]
[Site "Cardiff"]
[Date "2023.04.07"]
[Round "2.2"]
[White "Wilmot, Daniel"]
[Black "Matejovsky, Ondrej"]
[Result "0-1"]
[WhiteElo "1644"]
[BlackElo "1936"]
[Annotator "Paul,Hatchett"]
[PlyCount "52"]
[EventDate "2023.04.07"]
[EventRounds "7"]
[EventCountry "WLS"]

1. e4 {[%emt 0:00:05]} e5 {[%emt 0:00:08]} 2. Nf3 {[%emt 0:00:03]} Nf6 {[%emt 0:00:08]} 3. Nxe5 {[%emt 0:00:04]} d6 {[%emt 0:00:05]} 4. Nf3 {[%emt 0:00:03]} Nxe4 {[%emt 0:00:06]} 5. d4 {[%emt 0:00:35]} d5 {[%emt 0:00:15]} 6. Bd3 {[%emt 0:01:52]} Bd6 {[%emt 0:00:45]} 7. Nbd2 {[%emt 0:00:52]} Nxd2 {[%emt 0:02:51]} 8. Bxd2 {[%emt 0:04:56]} Bg4 {[%emt 0:02:42]} 9. O-O {[%emt 0:00:41]} O-O {[%emt 0:00:36]} 10. Re1 {[%emt 0:02:42]} Qf6 {[%emt 0:03:48]} 11. c3 {[%emt 0:05:33]} Bxf3 {[%emt 0:02:21]} 12. gxf3 {[%emt 0:00:31]} Qh4 {[%emt 0:05:17]} 13. f4 {[%emt 0:00:06]} Bxf4 {[%emt 0:00:48]} 14. Bxf4 {[%emt 0:00:08]} Qxf4 {[%emt 0:00:06]} 15. Qh5 {[%emt 0:00:07]} g6 {[%emt 0:03:58]} 16. Qxd5 {[%emt 0:00:40]} Nc6 {[%emt 0:02:01]} 17. Re3 {[%emt 0:02:46]} Rad8 {[%emt 0:07:30]} 18. Qb3 {[%emt 0:03:10]} Rfe8 {[%emt 0:05:46]} 19. Rae1 {[%emt 0:03:10]} Rxe3 {[%emt 0:04:03]} 20. Rxe3 {[%emt 0:00:02]} Rd6 {[%emt 0:04:09]} 21. Qxb7 {[%emt 0:15:41]} Rf6 {[%emt 0:02:01]} 22. Qc8+ {[%emt 0:00:40]} Kg7 {[%emt 0:00:11]} 23. Re2 {[%emt 0:05:55]} Qf3 {[%emt 0:05:22]} 24. Rd2 {[%emt 0:00:27]} Re6 {[%emt 0:05:14]} 25. Qxc7 {[%emt 0:04:36]} Re1+ {[%emt 0:01:03]} 26. Bf1 {[%emt 0:00:05]} Qh3 0-1